An Environmental Odyssey (Record no. 168080)

MARC details
000 -LEADER
fixed length control field 00451nam a2200193Ia 4500
008 - FIXED-LENGTH DATA ELEMENTS--GENERAL INFORMATION
fixed length control field 240823s9999||||xx |||||||||||||| ||und||
020 ## - INTERNATIONAL STANDARD BOOK NUMBER
International Standard Book Number 0-295-96949-0
082 ## - DEWEY DECIMAL CLASSIFICATION NUMBER
-- 628.092 N0
100 ## - MAIN ENTRY--PERSONAL NAME
Personal name "Eisenbud,Merril"
245 #3 - TITLE STATEMENT
Title An Environmental Odyssey
250 ## - EDITION STATEMENT
Edition statement 1st
260 ## - PUBLICATION, DISTRIBUTION, ETC. (IMPRINT)
Date of publication, distribution, etc 1990
Name of publisher, distributor, etc Macm
500 ## - GENERAL NOTE
General note YES
650 ## - SUBJECT ADDED ENTRY--TOPICAL TERM
Topical term or geographic name as entry element Environmental Science
942 ## - ADDED ENTRY ELEMENTS (KOHA)
Item type Books
Holdings
Withdrawn status Lost status Damaged status Permanent location Current location Shelving location Date acquired Source of acquisition Cost, normal purchase price Full call number Barcode Date last seen Koha item type
      CENTRAL LIBRARY, NOORUL ISLAM CENTRE FOR HIGHER EDUCATION CENTRAL LIBRARY, NOORUL ISLAM CENTRE FOR HIGHER EDUCATION Write Off 01/08/2005 Higginbothams Private Ltd 95.00 628.092 N0 22538 08/23/2024 Books
Visitors:
Copyright © 2024 Central Library NICHE.  All rights reserved.